Simpsons Trivia (Season 5) Quiz Stats

Quiz not verified by Sporcle

Also try: Howdy, Neighbor!
Challenge
Share
Tweet
Embed
Score 0/24 Timer 05:00
0 Plays Today
Question Answer % Correct
Who was in the quartet before being replaced by Barney?Chief Wiggum
91.8%
Who is the head vampire?Marge
75.9%
What animal 'takes over' the spaceship?Giant Space Ants
74.7%
Who finds the gremlin after Bart gets it off the bus?Flanders
72.5%
Where does the sailor in Bart and Milhouse's song think he is?New York
71%
Which word does Freddy Quimby make fun of the way the French waiter pronounces it?Chowder
70.7%
Which band does Mr. Burns think the Ramones are?The Rolling Stones
69.7%
What type of hat does Flanders get Homer at the football match?Nacho
67%
What does Jimbo have to able to swing a sack of (not provided) in order to join Homer's posse?Doorknobs
59.8%
When giving his location, Chief Wiggum says he is directly under what?The Earth's Sun
58.8%
Which opera does Bart make Sideshow Bob sing the score of, in order to buy some time?H.M.S. Pinafore
55.8%
According to the Devil Flanders, where is it easier than America to claim a soul?Mexico
49.1%
Question Answer % Correct
When sinking into the tar pits, what does Homer try to use to pull his arms out?His Face
48.4%
Both Marge and Malibu Stacy suggest forgetting one's troubles with a big bowl of what?Strawberry Ice Cream
47.9%
What does Mr. Burns originally tell the Nuclear Regulatory Commission that his plant makes?Cookies
43.7%
What does Krusty give away to Homer?Trampoline
42.9%
What does the actor playing Homer say which makes Bart think something's not right?B'oh
42.9%
What 'Itchy & Scratchy' merchandise does Bart buy for $350?Animation Cel
40.2%
Which cartoon character did Ralph once claim to see outside?Snagglepuss
38.2%
What name does Homer make up, which turns out to be the name of someone at the bar?Joey Jo Jo Junior Shabadoo
31%
What feature is Gamblor, the gambling monster, said to have?Neon Claws
28.5%
What get shipped in the boxes made by the box factory?Nails
23.6%
The four structures Apu mentions in his song are igloo, hut, lean-to and what?Geodesic Dome
19.1%
What does Moe teach at the Adult Education Annex to be used as self defense?Funk Dancing
12.7%

You're not logged in!

Compare scores with friends on all Sporcle quizzes.
Join for Free
OR
Log In

You Might Also Like...

Show Comments

Extras

Created Sep 16, 2011ReportNominate
Tags:The Simpsons Quiz, 1994, Season 5

Top Quizzes Today


Score Distribution

Your Account Isn't Verified!

In order to create a playlist on Sporcle, you need to verify the email address you used during registration. Go to your Sporcle Settings to finish the process.

Report this User

Report this user for behavior that violates our Community Guidelines.

Details: